00273pam a2200121 a 4500020000500000041000800005082001600013100001700029245005400046250001000100260002800110300001300138 c aeng a610.03bHAR aHarison, LM. aThe Pocket Medical Dictionary hTextual Documents a2005. a[s.l]:bCBS PUB and DIS a454 pg .